Návrhy na riešenie nezamestnanosti v regióne Rimavská Sobota
Absencia vládnej koncepcie rozvoja zaostávajúcich regiónov Slovenska. Charakteristika Rimavskosobotského regiónu z hľadiska poklesu zamestnanosti 1990-1994 a štruktúry uchádzačov o zamestnanie. Čo by mal obsahovať a na čo by sa mal sústrediť projekt vytvárania nových pracovných miest (rozvoj remesel...
Gespeichert in:
| 1. Verfasser: | |
|---|---|
| Format: | Buchkapitel |
| Sprache: | Slowakisch |
| Schlagworte: | |
| Tags: |
Keine Tags, Fügen Sie das erste Tag hinzu!
|
MARC
| LEADER | 00000naa a2200000 4500 | ||
|---|---|---|---|
| 001 | r024935 | ||
| 005 | 20221213114609.6 | ||
| 041 | 0 | |a slo | |
| 044 | |a SK | ||
| 245 | 1 | 0 | |a Návrhy na riešenie nezamestnanosti v regióne Rimavská Sobota |c Alžbeta Ivaničková |
| 520 | |a Absencia vládnej koncepcie rozvoja zaostávajúcich regiónov Slovenska. Charakteristika Rimavskosobotského regiónu z hľadiska poklesu zamestnanosti 1990-1994 a štruktúry uchádzačov o zamestnanie. Čo by mal obsahovať a na čo by sa mal sústrediť projekt vytvárania nových pracovných miest (rozvoj remeselnej výroby, cestovného ruchu). Neúčinnosť celoplošných systémov podpory zamestnanosti bez patričnej právomoci obcí. | ||
| 610 | 2 | 0 | |a zamestnanosť |
| 610 | 2 | 0 | |a nezamestnanosť |
| 610 | 2 | 0 | |a regióny |
| 610 | 2 | 0 | |a Slovensko |
| 610 | 2 | 0 | |a Rimavská Sobota |
| 610 | 2 | 0 | |a Rimavskosobotský región |
| 610 | 2 | 0 | |a obce |
| 610 | 2 | 0 | |a podpora podnikania |
| 610 | 2 | 0 | |a remeslá |
| 610 | 2 | 0 | |a štát |
| 610 | 2 | 0 | |a práce verejnoprospešné |
| 610 | 2 | 0 | |a rozvoj regionálny |
| 610 | 2 | 0 | |a právomoc |
| 100 | 1 | |a Ivaničková, Alžbeta | |